000 00581nam a2200181 4500
001 144288
003 ES-MaACL
005 20230906201002.0
007 t|
008 070214s1974 ag r ||||1| spa d
100 1 _aSinger, Loren.
_9106629
245 1 0 _aAsesinos S. A.
_b: (Los dueños del miedo) /
_cLoren Singer ; [traducción: María Luisa Martínez Alinari].
250 _a2ª ed.
260 _aBuenos Aires :
_bGranica,
_c1974 (
_fOffset-grama)
300 _a219 p. ;
_c18 cm.
700 1 _aMartínez Alinari, María Luisa.
_977839
852 _aES-MaACL
_jA-7219
_bR.96464
999 _c144288
_d144288